|
|
|
|
| LEADER |
00000nam a2200000 a 4500 |
| 001 |
1/127162 |
| 008 |
230822t1971####gr | ||| |||| ||gre|| |
| 040 |
|
|
|a GR-MyUa
|b gre
|c GR-MyUa
|e AACR2
|
| 041 |
0 |
|
|a gre
|
| 082 |
7 |
|
|a 128
|2 (23)
|
| 100 |
1 |
|
|a Παπανούτσος, Ευάγγελος Π.,
|d 1900-1982.
|
| 245 |
1 |
2 |
|a Ο λόγος και ο άνθρωπος /
|c Ε. Π. Παπανούτσου.
|
| 260 |
|
|
|a Αθήνα :
|b Ίκαρος,
|c 1971.
|
| 300 |
|
|
|a 339, [5] σ. ;
|c 26 εκ.
|
| 504 |
|
|
|a Περιέχει βιβλιογραφικό σημείωμα και πίνακα ονομάτων.
|
| 650 |
|
0 |
|a Philosophical anthropology.
|
| 852 |
|
|
|a INST
|b SAMOS
|e 20230822
|h 128 ΠΑΠ
|p 005300047829
|q 005300047829
|t BK
|y 0
|
| 970 |
|
|
|a Γουβάλα
|b Βάσω
|z 22-8-2023
|